Personnages Star Wars (Mort subite) - Statistiques

Statistiques générales
  • Ce quiz a été pris 1 632 fois
  • Le résultat moyen est 16 sur 20
Answers on the Grid
Answers color-coded by a green-red scale on the quiz's grid according to % correct below.
Luke Skywalker
Han Solo
Dark Vador
Dark Maul
Comte Dooku
Chewbacca
Maître Yoda
Mace Windu
R2-D2
BB-8
Jar Jar Binks
Lando Calrissian
Poe Dameron
Jyn Erso
Boba Fett
Général Grievous
Jabba le Hutt
Qui-Gon Jinn
Mon Mothma
Watto
Spock
Bree Van de Kamp
Daryl Dixon
Peter Parker
Gollum
Hermione Granger
Jon Snow
Ragnar Lothbrok
XX-85
Maximus
Andy Dufresne
Teal'c
Laura Ingalls
Sarah Connor
Ellen Ripley
Neo
Marty McFly
Neytiri
Paul Atréides
Kai Proctor
 
Statistiques - réponses
Réponse % Correct
Luke Skywalker
91%
Dark Vador
90%
Maître Yoda
90%
R2-D2
90%
Chewbacca
89%
Han Solo
89%
Jabba le Hutt
87%
BB-8
86%
Boba Fett
86%
Jar Jar Binks
86%
Dark Maul
85%
Comte Dooku
84%
Général Grievous
82%
Qui-Gon Jinn
82%
Mace Windu
81%
Poe Dameron
78%
Lando Calrissian
77%
Jyn Erso
57%
Watto
55%
Mon Mothma
49%
Aucun quiz correspondant
Distribution des résultats
% des personnes avec chaque résultat
Percentile par nombre de réponses
Votre historique - résultats
Vous n’avez pas pris ce quiz